| 000 | 01254 a2200289 4500 | ||
|---|---|---|---|
| 999 |
_c11473 _d11473 |
||
| 005 | 20210601145236.0 | ||
| 010 | _aENG-89845 B-311419-429 B-739949 | ||
| 020 |
_a9788123749600 _c75.00 |
||
| 035 | _aEN-73378 | ||
| 035 | _aB-311419-429 | ||
| 035 | _aB-358525 | ||
| 035 | _aB-739949 | ||
| 037 | _bDBAD / PUB | ||
| 037 | _bGift | ||
| 082 | _a954.13 | ||
| 100 | _aJha, Subodh Nath | ||
| 245 |
_aUttar Pradesh: _bthe land and the people / _cby Subodh Nath Jha |
||
| 260 |
_aNew Delhi _bNational Book Trust _c2007 |
||
| 270 |
_aA-5, Green Park _bNew Delhi _e110016 |
||
| 300 |
_axii, 216p. _c22cm(pbk) |
||
| 490 | _aIndia-the land and the people | ||
| 500 | _aIncludes index. | ||
| 942 |
_adpl _cEN _2ddc _h954.13 _mJHA |
||